<?xml version="1.0" encoding="UTF-8"?>
<marc:record xmlns:marc="http://www.loc.gov/MARC21/slim">
   <marc:leader>00000nam a2200000 a 4500</marc:leader>
   <marc:datafield ind1="1" ind2=" " tag="100">
      <marc:subfield code="a">Fülscher, Susanne</marc:subfield>
      <marc:subfield code="4">aut</marc:subfield>
      <marc:subfield code="e">Verfasser/-in</marc:subfield>
   </marc:datafield>
   <marc:datafield ind1="0" ind2="0" tag="245">
      <marc:subfield code="a">B. cool</marc:subfield>
   </marc:datafield>
   <marc:datafield ind1="0" ind2="0" tag="245">
      <marc:subfield code="c">Susanne Fülscher</marc:subfield>
   </marc:datafield>
   <marc:datafield ind1=" " ind2="1" tag="264">
      <marc:subfield code="a">Hamburg</marc:subfield>
      <marc:subfield code="b">Carlsen</marc:subfield>
      <marc:subfield code="c">2008</marc:subfield>
   </marc:datafield>
   <marc:datafield ind1="1" ind2=" " tag="490">
      <marc:subfield code="a">Carlsen</marc:subfield>
      <marc:subfield code="v">688</marc:subfield>
   </marc:datafield>
   <marc:datafield ind1=" " ind2=" " tag="250">
      <marc:subfield code="a">Orig.-Ausg.</marc:subfield>
   </marc:datafield>
   <marc:datafield ind1="1" ind2=" " tag="520">
      <marc:subfield code="a">Angaben aus der Verlagsmeldung

Frosch oder Prinz? Du entscheidest!: B. Cool / von Susanne Fülscher

Eines hat sich Luisa geschworen: niemals so ein Liebesleben zu führen ihre beste Freundin Tini, die immer für ein Abenteuer zu haben ist! Aber sie will auch nicht auf sich sitzen lassen, dass sie prüde sei. Deshalb schließt  sie in Partylaune eine Wette mit Tini ab: Luisa soll den Neuen, Alex, rumkriegen, der Wetteinsatz ist eine heißbegehrte Konzertkarte. Dafür hat sie genau 31 Tage Zeit. Ausgerechnet der superscharfe Alex, der nicht nur verdammt gut aussieht, sondern alles in allem auf einer Skala von 0 bis 10 eindeutig eine 10 ist. Wird Luisa über sich hinauswachsen und alles auf eine Karte setzen, um die Wette zu gewinnen?
</marc:subfield>
   </marc:datafield>
   <marc:datafield ind1=" " ind2=" " tag="020">
      <marc:subfield code="a">9783551356888</marc:subfield>
      <marc:subfield code="9">9783551356888</marc:subfield>
   </marc:datafield>
   <marc:datafield ind1=" " ind2=" " tag="041">
      <marc:subfield code="a">ger</marc:subfield>
   </marc:datafield>
   <marc:datafield ind1=" " ind2=" " tag="300">
      <marc:subfield code="a">188 S.</marc:subfield>
   </marc:datafield>
</marc:record>
